1441 1255 1996 1403 1805 1717 1498 1798 1886 1564 1030 1658 1169 1084 1738 1338 1975 1557 1776 1708 1270 1364 1877 1048 1165 1352 1244 1765 1360 1223 1506 1276 1154 1451 1794 1509 1584 1833 1035 1223 1493 1396 1585 1151 1009 1043 1935 1996 1153 1018 1606 1010 1401 1650 1724 1637 1449 1954 1193 1980 1478 1717 1343 1502 1160 1443 1048 1956 1296 1886 1479 1236 1555 1963 1293 1950 1966 1184 1380 1805 1206 1306 1701 1704 1866 1017 1111 1273 1443 1414 1177 1508 1030 1451 1379 1951 1504 1840 1517 BCNSPRNW ULIB Ver.6.0+V

เปลี่ยนเป็นภาษาไทย

Change to English
 แสดงรายละเอียดบรรณานุกรม
  กลับหน้าหลัก

Brief Record : Get Marc (ISO 2709) : E-mail record : QR code < ปิดหน้าต่าง
LEADER : 00000nam 2200000uu 4500
001    13399120571
003     ULIB
008    120927s2546||||th 000 0 tha d
020    ^a9749021738
060 04 ^aWX158^bก513 2546
245 10 ^aการวางแผนจำหน่ายผู้ป่วย :^bแนวคิดและการประยุกต์ใช้ /^cวันเพ็ญ พิชิตพรชัยและอุษาวดี อัศดรวิเศษ [บรรณาธิการ]
250    ^aพิมพ์ครั้งที่ 2 (ฉบับปรับปรุง)
260    ^aกรุงเทพฯ :^bคณะพยาบาลศาสตร์ มหาวิทยาลัยมหิดล,^c2546
300    ^a126 หน้า :^bภาพประกอบ ;^c26 ซม.
650  7 ^aผู้ป่วย, การจำหน่ายออกจากโรงพยาบาล
700 0  ^aวันเพ็ญ พิชิตพรชัย,^eบรรณาธิการ
700 0  ^aอุษาวดี อัศดรวิเศษ,^eบรรณาธิการ
710 2  ^aมหาวิทยาลัยมหิดล. ^bคณะพยาบาลศาสตร์
945    ^p0^l0^i13861
945    ^p0^l0^i13862
945    ^p0^l0^i24287
945    ^p0^l0^i24288
995    ^aวิภา
999 ^a ใช้งานได้ทุกระบบ
รายการนี้ยังไม่มีแท็ก
คุณยังไม่ได้ล็อกอิน คุณสามารถมีกิจกรรมร่วมกับเว็บไซต์ได้ แต่ต้องล็อกอินก่อน ::
  ล็อกอิน

รายการสื่อสารสนเทศ

ลำดับที่ ประเภท เลขเรียก/บาร์โค้ด สถานที่ สถานะ
1. วิทยาศาสตร์การแพทย์ และสุขภาพ
วิทยาศาสตร์การแพทย์ และสุขภาพ
WX158 ก513 2546  
  Barcode: 13861
ห้องสมุดวิทยาเขตสวรรค์ประชารักษ์
►หนังสือทั่วไป
บนชั้น
2. วิทยาศาสตร์การแพทย์ และสุขภาพ
วิทยาศาสตร์การแพทย์ และสุขภาพ
WX158 ก513 2546 ฉ.2 
  Barcode: 13862
ห้องสมุดวิทยาเขตสวรรค์ประชารักษ์
►หนังสือทั่วไป
บนชั้น
3. วิทยาศาสตร์การแพทย์ และสุขภาพ
วิทยาศาสตร์การแพทย์ และสุขภาพ
WX158 ก513 2546 ฉ.3 
  Barcode: 24287
ห้องสมุดวิทยาเขตสวรรค์ประชารักษ์
►หนังสือทั่วไป
บนชั้น
4. วิทยาศาสตร์การแพทย์ และสุขภาพ
วิทยาศาสตร์การแพทย์ และสุขภาพ
WX158 ก513 2546 ฉ.4 
  Barcode: 24288
ห้องสมุดวิทยาเขตสวรรค์ประชารักษ์
►หนังสือทั่วไป
บนชั้น

รายการใกล้เคียง
    หัวเรื่อง [ผู้ป่วย, การจำหน่ายออกจากโรงพยาบาล]

BibComment


ยังไม่เคยถูกคอมเมนท์

คอมเมนท์ทรัพยากรรายการนี้
  คอมเมนท์: การวางแผนจำหน่าย..


 Copyright 2026. Bcnsprnw @Library